Statistics for Geography without First Letter #1

Click here to take the quiz!

General Stats

  • This quiz has been taken 55 times
  • The average score is 12 of 14

Answer Stats

HintAnswer% Correct
MAZONA
94%
UWAITK
92%
AGOSL
92%
AINEM
92%
MANO
92%
THENSA
90%
SIAA
90%
SAKAO
90%
RANI
88%
ORDANJ
88%
OBIG
75%
AVAJ
71%
2K
67%
AHUO
65%

Score Distribution

Percentile by Number Answered

Percent of People with Each Score

Your Score History

You have not taken this quiz